| 000 | 00434nam a2200157Ia 4500 | ||
|---|---|---|---|
| 008 | 230312s9999||||xx |||||||||||||| ||und|| | ||
| 020 | _a0-8036-2218-X | ||
| 082 |
_a615.82 _bSUL-I |
||
| 100 | _aO'Sullivan;Susan.B | ||
| 245 | 0 | _aImproving Functional Outcomes in Physical Rehabilitation | |
| 260 |
_bF.A.Davis Company _aUSA _c2010 |
||
| 300 | _a336 | ||
| 546 | _aEng. | ||
| 650 |
_aPhysiotherapy _vPhysical Rehabilitation |
||
| 942 | _cBK | ||
| 999 |
_c9727 _d9727 |
||